书目信息 |
| 题名: |
环境微生物研究方法与应用
|
|
| 作者: | 王曙光 主编 | |
| 分册: | ||
| 出版信息: | 北京 化学工业出版社 2008 |
|
| 页数: | 277页 | |
| 开本: | 26cm | |
| 丛书名: | ||
| 单 册: | ||
| 中图分类: | X172 | |
| 科图分类: | ||
| 主题词: | 环境生物学--微生物学 , 环境生物学 , 微生物学 | |
| 电子资源: | ||
| ISBN: | 978-7-122-03274-4 | |
| 000 | 00959nam0 2200253 45 | |
| 001 | 1050665390 | |
| 005 | 20100420101029.74 | |
| 010 | @a978-7-122-03274-4@dCNY38.00 | |
| 100 | @a20100408d2008 em y0chiy0110 ea | |
| 101 | 0 | @achi |
| 102 | @aCN@b110000 | |
| 105 | @ay z 000yy | |
| 106 | @ar | |
| 200 | 1 | @a环境微生物研究方法与应用@AHuan Jing Wei Sheng Wu Yan Jiu Fang Fa Yu Ying Yong@f王曙光主编@FWang Shu Guang Zhu Bian |
| 210 | @a北京@c化学工业出版社@d2008 | |
| 215 | @a277页@d26cm | |
| 330 | @a本书内容分三大部分:第一部分为环境微生物基础知识,介绍了环境微生物资源、环境微生物生态学等知识;第二部分是环境微生物分析方法;第三部分是环境微生物在环境污染治理中的应用,介绍了环境微生物在经济可持续发展、环境安全与保护等方面的作用。 | |
| 606 | 0 | @a环境生物学@x微生物学 |
| 606 | 0 | @a环境生物学 |
| 606 | 0 | @a微生物学 |
| 690 | @aX172@v4 | |
| 701 | 0 | @a王曙光@AWang Shu Guang@4主编 |
| 801 | 0 | @aCN@bTANGWEI@c20100420 |
| 905 | @b0589263-66@dX172@e188@f4 | |
| 环境微生物研究方法与应用/王曙光主编.-北京:化学工业出版社,2008 |
| 277页;26cm |
| ISBN 978-7-122-03274-4:CNY38.00 |
| 本书内容分三大部分:第一部分为环境微生物基础知识,介绍了环境微生物资源、环境微生物生态学等知识;第二部分是环境微生物分析方法;第三部分是环境微生物在环境污染治理中的应用,介绍了环境微生物在经济可持续发展、环境安全与保护等方面的作用。 |
| ● |
| 相关链接 |
|
|
|
|
正题名:环境微生物研究方法与应用
索取号:X172/188
 
预约/预借
| 序号 | 登录号 | 条形码 | 馆藏地/架位号 | 状态 | 备注 |
| 1 | 0589263 | 205892630 | 第二样本阅览室/ [索取号:X172/188] | 在馆 | |
| 2 | 0589264 | 205892649 | 第三借阅区/ [索取号:X172/188] | 在馆 | |
| 3 | 0589265 | 205892658 | 第三借阅区/ [索取号:X172/188] | 在馆 | |
| 4 | 0589266 | 205892667 | 第三借阅区/ [索取号:X172/188] | 在馆 |